| 000 | 00818nam a22001817a 4500 | ||
|---|---|---|---|
| 999 |
_c61120 _d61120 |
||
| 005 | 20231220161810.0 | ||
| 008 | 231220s1978 ru ||||| |||| 00| 0 rus d | ||
| 041 | _arus | ||
| 080 | _a930 B-68 | ||
| 100 |
_aВолобуев О. В. _920813 |
||
| 245 |
_aИстория древнего мира в художественно-исторических образах : _bХрестоматия. Пособие для учителей / _cО. В. Волобуев, А. В. Шестаков. |
||
| 250 | _aИздание второе, дополненное. | ||
| 264 |
_aМосква : _bПросвещение, _c1978. |
||
| 300 |
_a224 с.: _b23 см. |
||
| 653 | _aანტიკური სამყარო | ||
| 700 |
_aШестаков, А. В. _eავტორი _920814 |
||
| 942 |
_2udc _cᲬᲘᲒᲜᲘ |
||